Library Banner

Electronic devices and circuits (Record no. 64103)

MARC details
000 -LEADER
fixed length control field 00449nam a2200169Ia 4500
001 - CONTROL NUMBER
control field 63499
008 - FIXED-LENGTH DATA ELEMENTS--GENERAL INFORMATION
fixed length control field 150108s9999 xx 000 0 und d
020 ## - INTERNATIONAL STANDARD BOOK NUMBER
International Standard Book Number 9788120301245
040 ## - CATALOGING SOURCE
Transcribing agency PK-LaUMT
082 ## - DEWEY DECIMAL CLASSIFICATION NUMBER
Classification number 621.3815
Item number MOT-E
100 ## - MAIN ENTRY--PERSONAL NAME
Personal name Mottershead, Allen
245 ## - TITLE STATEMENT
Title Electronic devices and circuits
Remainder of title an introduction
Statement of responsibility, etc Mottershead, Allen
260 ## - PUBLICATION, DISTRIBUTION, ETC. (IMPRINT)
Place of publication, distribution, etc New Delhi,India:
Name of publisher, distributor, etc phi Learning,
Date of publication, distribution, etc 2011
300 ## - PHYSICAL DESCRIPTION
Extent 641 p.
546 ## - LANGUAGE NOTE
Language note EN
942 ## - ADDED ENTRY ELEMENTS (KOHA)
Koha item type Books
Holdings
Withdrawn status Lost status Damaged status Not for loan Home library Current library Date acquired Total Checkouts Total Renewals Full call number Barcode Date last seen Date checked out Price effective from Koha item type
        UMT Main Campus UMT Main Campus 2015-01-08 1 1 621.3815 MOT-E 86988 2016-02-17 2016-01-05 2015-01-08 Books